[Event "XXX Zalakaros Open"]
[Site "Zalakaros HUN"]
[Date "2011.05.23"]
[Round "4"]
[White "Lacha,Ja"]
[Black "Kabai,Z"]
[Result "0-1"]
[WhiteElo "1953"]
[BlackElo "2128"]

1.e4 e6 2.d4 d5 3.Nc3 Bb4 4.e5 Ne7 5.a3 Bxc3+ 6.bxc3 b6 7.a4 Ba6 8.Bxa6 Nxa6
9.Ba3 Ng6 10.Qd3 Nb8 11.Nh3 Nc6 12.O-O Na5 13.f4 Nh4 14.g3 Nf5 15.g4 Nh6
16.f5 Qh4 17.Qf3 O-O-O 18.fxe6 fxe6 19.Qg3 Qxg4 20.Qxg4 Nxg4 21.Ng5 Rde8
22.Rf7 h6 23.Nh3 Rhg8 24.Bb4 Nc6 25.Ba3 Ne3 26.Bc1 Nf5 27.Nf4 Nd8 28.Rxf5 exf5
29.Nxd5 Ne6 30.Ba3 Kd7 31.Kf2 c6 32.Ne3 Ng5 33.Nxf5 Rgf8  0-1

[Event "ch-KAZ 2011"]
[Site "Astana KAZ"]
[Date "2011.05.24"]
[Round "9"]
[White "Ismagambetov,An"]
[Black "Aitbayev,A"]
[Result "1-0"]
[WhiteElo "2500"]
[BlackElo "2355"]

1.e4 e6 2.d4 d5 3.Nc3 Bb4 4.e5 Ne7 5.a3 Bxc3+ 6.bxc3 c5 7.h4 Qa5 8.Bd2 Qa4
9.h5 Nbc6 10.Rb1 a6 11.Nf3 cxd4 12.cxd4 Nxd4 13.Bd3 Nec6 14.h6 gxh6 15.Kf1 Bd7
16.Rh4 Qxa3 17.Nxd4 Nxe5 18.Bb4 Qa4 19.Be2 Ng6 20.Rxh6 e5 21.Nf3 d4 22.Ng5 Bf5
23.Bd3 Bxd3+ 24.Qxd3 Qa2 25.Qb3 Qxb3 26.cxb3 f6 27.Ne4 Kf7 28.g3 Rac8 29.Nd6+ Kg7
30.Nxc8 Kxh6 31.Rc1 Rd8 32.Rc7 d3 33.Nd6 Nh8 34.Bd2+ Kg6 35.Nxb7 Rb8 36.Nc5 Nf7
37.Rc6 Rb5 38.b4 Ng5 39.Nd7 Nf3 40.Bc3  1-0

[Event "TCh-FRA Top 12 2011"]
[Site "Mulhouse FRA"]
[Date "2011.05.26"]
[Round "1.4"]
[White "Istratescu,A"]
[Black "Nguyen Chi Minh"]
[Result "1/2-1/2"]
[WhiteElo "2623"]
[BlackElo "2381"]

1.e4 e6 2.d4 d5 3.Nc3 Bb4 4.e5 Ne7 5.a3 b6 6.h4 Ba6 7.Bxa6 Nxa6 8.h5 h6 9.Qg4 Rg8
10.a4 Qd7 11.Qe2 Nb8 12.Nf3 Nbc6  1/2-1/2

[Event "ch-Siberia Men"]
[Site "Barnaul RUS"]
[Date "2011.05.27"]
[Round "8"]
[White "Loskutov,O"]
[Black "Obolenskikh,D"]
[Result "0-1"]
[WhiteElo "2437"]
[BlackElo "2481"]

1.e4 e6 2.d4 d5 3.Nc3 Bb4 4.e5 Ne7 5.a3 Bxc3+ 6.bxc3 c5 7.Qg4 Kf8 8.Bd2 Qc7
9.Qd1 b6 10.Nf3 Ba6 11.Bxa6 Nxa6 12.O-O Rc8 13.Qe2 Nb8 14.a4 cxd4 15.cxd4 Qc4
16.Qe3 Nbc6 17.Qa3 h6 18.a5 b5 19.Rfb1 a6 20.Rb3 Nxd4 21.Nxd4 Qxd4 22.Bb4 Re8
23.Re1 Qa7 24.Rc3 Kg8 25.Bc5 Qb7 26.Bd6 Nc6 27.Rc5 Rc8 28.Re3 Nd4 29.Qc3 Rxc5
30.Qxc5 Nf5 31.Rc3 Kh7 32.Qb6 Qa8 33.Qc7 d4 34.Rc6 Rb8 35.f3 Rb7 36.Qc8 Qxc8
37.Rxc8 b4 38.Kf2 Rb5 39.g4 Ne3 40.Ke2 Rxa5 41.Kd3 Ra3+ 42.Kxd4 Nd5 43.c4 Ne3
44.Bxb4 Nc2+ 45.Kc5 Rxf3 46.Ba5 Ne3 47.Kb6 Rf2 48.Kxa6 Rxh2 49.c5 Nd5 50.c6 Rc2
51.c7 Rc5 52.Bb6 Rc6 53.Rb8 Nxb6 54.Kb7 Rxc7+ 55.Kxc7 Nc4 56.Rb5 Ne3 57.Kd6 Nxg4
58.Rb4 h5 59.Rf4 Kg8 60.Re4 g5 61.Kc5 Kg7 62.Kd4 Kg6 63.Re1 Nh6 64.Ke4 Nf5
65.Ra1 h4 66.Ra8 Ng3+ 67.Kf3 Kf5 68.Rf8 g4+ 69.Kg2 Kxe5 70.Rxf7 Nf5 71.Ra7 Ke4
72.Ra4+ Nd4 73.Rb4 e5 74.Ra4 Kf4 75.Rb4 Ke3 76.Rb8 Nf5 77.Rb1 Nd4 78.Re1+ Kf4
79.Ra1 Nf3  0-1

[Event "TCh-FRA Top 12 2011"]
[Site "Mulhouse FRA"]
[Date "2011.05.27"]
[Round "2.2"]
[White "Iordachescu,V"]
[Black "Housieaux,D"]
[Result "1-0"]
[WhiteElo "2640"]
[BlackElo "2436"]

1.e4 e6 2.d4 d5 3.Nc3 Bb4 4.e5 Ne7 5.Bd2 b6 6.Nh3 Ng6 7.f4 O-O 8.a3 Bxc3
9.bxc3 f6 10.Qh5 Qe8 11.exf6 Rxf6 12.Bd3 Ba6 13.O-O Bxd3 14.cxd3 Qd7 15.Ng5 Nf8
16.Rae1 Nc6 17.Qh3 h6 18.Nf3 Ng6 19.Ne5 Ngxe5 20.dxe5 Rff8 21.g4 Rae8 22.d4 Ne7
23.Rf3 c5 24.Be3 cxd4 25.cxd4 Rc8 26.Bf2 Rc6 27.Rf1 Kh7 28.Be3 Rc3 29.Bd2 Rc4
30.f5 exf5 31.gxf5 Rxd4 32.Bc3 Re4 33.e6 Qa4 34.Rg3 Rg8 35.Qg2  1-0

[Event "TCh-SLO"]
[Site "Ljubljana SLO"]
[Date "2011.05.28"]
[Round "2"]
[White "Srebrnic,M"]
[Black "Sebenik,M"]
[Result "0-1"]
[WhiteElo "2354"]
[BlackElo "2524"]

1.e4 e6 2.d4 d5 3.Nc3 Bb4 4.e5 Ne7 5.a3 Bxc3+ 6.bxc3 b6 7.Qg4 Ng6 8.Nh3 Ba6
9.Bxa6 Nxa6 10.Nf4 Nxf4 11.Bxf4 Kf8 12.h4 h5 13.Qe2 Nb8 14.g4 g6 15.Bg5 Qc8
16.Bf6 Rh7 17.f3 Qa6 18.Qe3 Nd7 19.Bg5 Kg7 20.Kf2 Qa4 21.Kg3 Rc8 22.Rh2 c5
23.Rd2 Rhh8 24.Qf4 Qc4 25.Rd3 Qa4 26.Rc1 b5 27.Be7 cxd4 28.cxd4 Rc4 29.c3 Qa5
30.Kh3 Qc7 31.Bg5 Qc8 32.Kg3 Qf8 33.Rb1 a6 34.Rb4 Qc8 35.Qe3 Rh7 36.Rb3 Kf8
37.Qf4 Ke8 38.Rd1 Qc6 39.Rd3 Qc7 40.Re3 Qc6 41.Kg2 Qc7 42.Re1 Nc5 43.Reb1 Nxb3
44.Rxb3 Rxc3 45.Rxc3 Qxc3 46.Qf6 Qc7 47.gxh5 Rxh5 48.Qg7 Rxg5+ 49.hxg5 Qe7
50.f4 Qxa3  0-1

[Event "e2e4 Sunningdale Open"]
[Site "Ascot ENG"]
[Date "2011.05.29"]
[Round "5"]
[White "Amato,G"]
[Black "Coleman,J"]
[Result "1/2-1/2"]
[WhiteElo "1970"]
[BlackElo "2136"]

1.e4 e6 2.d4 d5 3.Nc3 Bb4 4.e5 Ne7 5.Bd2 b6 6.a3 Bxc3 7.Bxc3 Ba6 8.Bxa6 Nxa6
9.Qd3 Nb8 10.Nf3 c5 11.O-O Nbc6 12.dxc5 bxc5 13.Bd2 Rb8 14.Rab1 O-O 15.Ng5 Ng6
16.f4 Nd4 17.Be3 h6 18.Bxd4 cxd4 19.Nxe6 fxe6 20.Qxg6 Qc8 21.Rf3 Qe8 22.Qxe8 Rfxe8
23.Rd3 Rbc8 24.Rd2 Rc3 25.b3 d3 26.Rxd3 Rxc2 27.b4 Rec8 28.f5 Re2 29.fxe6 Rcc2
30.Rg3 Rxe5 31.a4 Rxe6 32.b5 Ra2 33.Rg4 Kh7 34.h3 Rg6 35.Rxg6 Kxg6 36.Rd1 Rxa4
37.Rxd5 Kf6 38.Kf2 Ke6 39.Rd2 Rb4 40.Ra2 Rxb5 41.Rxa7 Kf6 42.Kf3 Kg6 43.Ra6+ Kf5
44.Ra7 Rb3+ 45.Kf2 Kg6 46.Ra6+  1/2-1/2

[Event "TCh-FRA Top 12 2011"]
[Site "Mulhouse FRA"]
[Date "2011.06.01"]
[Round "7"]
[White "Guilleux,F"]
[Black "Bricard,E"]
[Result "0-1"]
[WhiteElo "2382"]
[BlackElo "2492"]

1.e4 e6 2.d4 d5 3.Nc3 Bb4 4.e5 b6 5.a3 Bxc3+ 6.bxc3 Qd7 7.Qg4 f5 8.Qg3 Ba6
9.Bxa6 Nxa6 10.Ne2 Nb8 11.Nf4 Kf7 12.c4 Ne7 13.cxd5 Nxd5 14.O-O Nc6 15.Rd1 Na5
16.Qd3 Nxf4 17.Bxf4 Qd5 18.a4 Nc4 19.Rab1 c6 20.Qh3 Raf8 21.Bc1 Ke8 22.Ba3 Rf7
23.Bb4 h5 24.a5 b5 25.Qf3 a6 26.Qxd5 cxd5 27.h4 g5 28.Rb3 gxh4 29.Rh3 Rg7
30.Rxh4 Rg4 31.Rxg4 fxg4 32.g3 Kf7 33.Kf1 Kg6 34.Ke2 h4 35.gxh4 Rxh4 36.Rg1 Kf5
37.c3 Rh3 38.Rb1 Kf4  0-1

[Event "TCh-FRA Top 12 2011"]
[Site "Mulhouse FRA"]
[Date "2011.06.03"]
[Round "9"]
[White "Roos,Louis1"]
[Black "Nguyen Chi Minh"]
[Result "0-1"]
[WhiteElo "2359"]
[BlackElo "2381"]

1.e4 e6 2.d4 d5 3.Nc3 Bb4 4.e5 Ne7 5.a3 Bxc3+ 6.bxc3 b6 7.Qg4 Ng6 8.h4 h5
9.Qg3 Ba6 10.Bd3 Bxd3 11.cxd3 c5 12.Bg5 Qc7 13.Ne2 Nc6 14.a4 cxd4 15.f4 dxc3
16.d4 Nce7 17.Nxc3 Nf5 18.Qd3 Rc8 19.Ne2 Qc4 20.Qd2 O-O 21.g4 hxg4 22.h5 Nge7
23.h6 gxh6 24.Bxe7 Nxe7 25.Rxh6 Nf5 26.Rh5 Rfd8 27.Rg5+ Kf8 28.Rxg4 Qb3 29.Qa2 Qxa2
30.Rxa2 Rc4 31.a5 b5 32.Ng3 Nxg3  0-1

[Event "18th Ratten Open"]
[Site "Ratten AUT"]
[Date "2011.06.04"]
[Round "4.1"]
[White "Frank,Emanuel"]
[Black "Wagner,O"]
[Result "1-0"]
[WhiteElo "1969"]
[BlackElo "2121"]

1.e4 e6 2.d4 d5 3.Nc3 Bb4 4.e5 Ne7 5.a3 Bxc3+ 6.bxc3 c5 7.Qg4 O-O 8.Bd3 f5
9.exf6 Rxf6 10.Bg5 Rf7 11.Qh5 g6 12.Qd1 c4 13.Be2 Qf8 14.Nf3 Nbc6 15.Qc1 Nf5
16.h4 h6 17.Bf4 Rh7 18.Ne5 Nxe5 19.Bxe5 Nd6 20.h5 g5 21.O-O Rf7 22.f4 Ne4
23.Qe3 b5 24.fxg5 Nxg5 25.Rxf7 Nxf7 26.Qg3+ Ng5 27.Rf1 Qxa3 28.Bd6 Qa6 29.Rf8+ Kh7
30.Qe5  1-0

[Event "3rd Orissa Open"]
[Site "Bhubaneswar IND"]
[Date "2011.06.05"]
[Round "10"]
[White "Aravindh,Chithambaram VR."]
[Black "Kamble,V"]
[Result "0-1"]
[WhiteElo "2180"]
[BlackElo "2406"]

1.e4 e6 2.d4 d5 3.Nc3 Bb4 4.e5 b6 5.Qg4 Bf8 6.Bg5 Qd7 7.Bb5 c6 8.Bd3 c5 9.Bb5 Nc6
10.dxc5 bxc5 11.Nf3 Rb8 12.O-O a6 13.Bxc6 Qxc6 14.a3 h6 15.Qh3 Rxb2 16.Rab1 Rxb1
17.Nxb1 Ne7 18.Nbd2 Ng6 19.Bh4 Qa4 20.c4 Nxh4 21.Nxh4 Be7 22.Nhf3 O-O 23.Qg3 Qxa3
24.Re1 Bb7 25.h4 Rd8 26.cxd5 Bxd5 27.Kh2 Qa4 28.Re3 Rb8 29.Kh3 Rb4 30.h5 Qc2
31.Kh2 a5 32.Nf1 a4 33.Ne1 Qf5 34.Kg1 Bh4  0-1

[Event "FSGM June"]
[Site "Budapest HUN"]
[Date "2011.06.10"]
[Round "7"]
[White "Zwahr,P"]
[Black "Siedentopf,D"]
[Result "1-0"]
[WhiteElo "2340"]
[BlackElo "2291"]

1.e4 e6 2.d4 d5 3.Nc3 Bb4 4.e5 Ne7 5.a3 Bxc3+ 6.bxc3 c5 7.Qg4 O-O 8.Bd3 Nbc6
9.Qh5 Ng6 10.Nf3 Qc7 11.h4 cxd4 12.Kd1 dxc3 13.Rh3 b6 14.Ng5 h6 15.Nf3 Ncxe5
16.Nxe5 Qxe5 17.Bxg6 Qd4+ 18.Bd3 Qxf2 19.Qf3 Qxf3+ 20.gxf3 e5 21.Rg3 Kh8
22.Ke2 f5 23.Rg6 Bb7 24.Bxh6 e4 25.Bxg7+ Kh7 26.Rag1 exd3+ 27.Kxd3 Ba6+ 28.Kd4 Rfc8
29.Rh6+ Kg8 30.Bf6+ Kf8 31.Rg7  1-0

[Event "FSGM June"]
[Site "Budapest HUN"]
[Date "2011.06.11"]
[Round "8"]
[White "Szabo,Krisz1"]
[Black "Siedentopf,D"]
[Result "1/2-1/2"]
[WhiteElo "2512"]
[BlackElo "2291"]

1.e4 e6 2.d4 d5 3.Nc3 Bb4 4.e5 Ne7 5.a3 Bxc3+ 6.bxc3 c5 7.Qg4 O-O 8.Bd3 Nbc6
9.Qh5 Ng6 10.Nf3 Qc7 11.Be3 c4 12.Bxg6 fxg6 13.Qg4 Bd7 14.h4 Rf5 15.Ng1 b5
16.Ne2 a5 17.Qh3 h6 18.g4 Rf7 19.f4 Raf8 20.Rb1 Be8 21.Kd2 b4 22.axb4 axb4
23.cxb4 c3+ 24.Ke1 Na7 25.g5 h5 26.Qxe6 Bd7 27.Qxg6 Bf5 28.Qd6 Qxd6 29.exd6 Nb5
30.Ra1 Re8 31.Kf2 Nxd6 32.Nxc3 Rc7 33.Bd2 Rxc3 34.Bxc3 Ne4+ 35.Kg2 Nxc3 36.Rhe1 Rc8
37.Re3 Rc4 38.Ra7 Be4+ 39.Kg3 Nb5 40.Ra8+ Kf7 41.c3 Rc7 42.f5 Bxf5 43.Kf4 Be4
44.Rb8 Nd6 45.b5 g6 46.b6 Re7 47.Re2 Ke6 48.Rb2 Rf7+ 49.Kg3 Rf3+ 50.Kh2 Rf1
51.Re8+ Nxe8 52.b7 Rh1+ 53.Kg3 Rg1+ 54.Kh2 Rh1+ 55.Kg3 Rg1+  1/2-1/2

[Event "35th Open"]
[Site "Fourmies FRA"]
[Date "2011.06.12"]
[Round "5.26"]
[White "Oprandi,W"]
[Black "Waquet,F"]
[Result "0-1"]
[WhiteElo "1774"]
[BlackElo "1966"]

1.e4 e6 2.d4 d5 3.Nc3 Bb4 4.e5 Ne7 5.f4 c5 6.Bd2 Bxc3 7.Bxc3 b6 8.Nf3 Ba6
9.Bxa6 Nxa6 10.Ng5 h6 11.Qh5 g6 12.Qh3 Nf5 13.O-O-O Qc7 14.g4 Nxd4 15.Bxd4 cxd4
16.Nf3 d3 17.c3 Qc4 18.Nd4 Nc5 19.f5 Qxa2 20.fxe6 fxe6 21.g5 Kd7 22.b4 Qa1+
23.Kd2 Qb2+ 24.Ke3 hxg5 25.Qg4 Rh4 26.Qxg5 Re4+ 27.Kf3 Rf8+ 28.Kg3 Qf2+  0-1

[Event "28th BSG Pinkstertoernooi"]
[Site "Bussum NED"]
[Date "2011.06.13"]
[Round "6"]
[White "Ootes,La"]
[Black "Dgebuadze,A"]
[Result "1/2-1/2"]
[WhiteElo "2358"]
[BlackElo "2521"]

1.e4 e6 2.d4 d5 3.Nc3 Bb4 4.e5 Ne7 5.a3 Bxc3+ 6.bxc3 c5 7.Qg4 O-O 8.Bd3 Nbc6
9.Qh5 Ng6 10.Nf3 Qc7 11.Be3 c4 12.Bxg6 fxg6 13.Qg4 Qf7 14.Ng5 Qe8 15.h4 h6
16.Nh3 Bd7 17.Qe2 b5 18.h5 gxh5 19.Nf4 Rxf4 20.Bxf4 Qf7 21.Be3 Be8 22.g4 hxg4
23.Qxg4 Qg6 24.Qxg6 Bxg6 25.Kd2 Be4 26.Rhb1 Rb8 27.a4 bxa4 28.Rxb8+ Nxb8
29.Rxa4 a6 30.Rb4 Nd7 31.Ra4 Nb8 32.Rb4 Nd7 33.Ra4 Nb8  1/2-1/2

[Event "28th BSG Pinkstertoernooi"]
[Site "Bussum NED"]
[Date "2011.06.13"]
[Round "7"]
[White "Nijboer,F"]
[Black "Dgebuadze,A"]
[Result "1/2-1/2"]
[WhiteElo "2538"]
[BlackElo "2521"]

1.e4 e6 2.d4 d5 3.Nc3 Bb4 4.e5 Ne7 5.a3 Bxc3+ 6.bxc3 c5 7.a4 Qa5 8.Bd2 Nbc6
9.Nf3 Bd7 10.Bb5 Qc7 11.O-O f6 12.Re1 O-O  1/2-1/2

[Event "Teplice Open"]
[Site "Teplice CZE"]
[Date "2011.06.15"]
[Round "5"]
[White "Seidl,S"]
[Black "Porat,Ma"]
[Result "0-1"]
[WhiteElo "2090"]
[BlackElo "2278"]

1.e4 e6 2.d4 d5 3.Nc3 Bb4 4.e5 Ne7 5.a3 Bxc3+ 6.bxc3 b6 7.Qg4 Ng6 8.h4 h5
9.Qg3 Ba6 10.Ne2 Qd7 11.a4 Nc6 12.Nf4 Bxf1 13.Nxg6 Bxg2 14.Rg1 fxg6 15.Qxg6+ Qf7
16.Qxg2 O-O-O 17.f4 Qf5 18.Qg6 Ne7 19.Qg2 Rh6 20.Qe2 Qh3 21.Bd2 Qxh4+ 22.Kd1 Rg6
23.Qa6+ Kd7 24.Rxg6 Qh1+ 25.Ke2 Qe4+ 26.Kd1 Nxg6 27.Qb5+ Ke7 28.f5 Qxf5 29.Qc6 Qf1+
30.Be1 Nf4 31.Qb5 Qh1 32.a5 Ng2 33.Kd2 Qh3 34.Bf2 Rf8 35.Bg1 Nh4 36.axb6 Qg2+
37.Kc1 Qf1+ 38.Qxf1 Rxf1+ 39.Kb2 Rxa1 40.b7 Ra6 41.b8=Q Rb6+ 42.Qxb6 cxb6
43.Be3 Nf3 44.c4 dxc4 45.d5 exd5  0-1

[Event "4th Karen Asrian Memorial"]
[Site "Jermuk ARM"]
[Date "2011.06.17"]
[Round "2"]
[White "Hovhannisyan,R"]
[Black "Karatorossian,D"]
[Result "1-0"]
[WhiteElo "2553"]
[BlackElo "2269"]

1.e4 e6 2.d4 d5 3.Nc3 Bb4 4.e5 b6 5.Qg4 Bf8 6.a4 Ba6 7.Nb5 Qd7 8.Bd3 Ne7
9.Qe2 Bb7 10.Nf3 a6 11.Na3 c5 12.c3 Nbc6 13.O-O cxd4 14.Nxd4 Nxd4 15.cxd4 Nc6
16.Nc2 Na5 17.Be3 Nb3 18.Ra2 Be7 19.Qg4 Bf8 20.Ne1 Bc6 21.Qe2 Na5 22.Nf3 Bxa4
23.Bxa6 Nc4 24.Bxc4 dxc4 25.Qxc4 Bc6 26.Rxa8+ Bxa8 27.Rc1 Bb7 28.Qc7 Be7
29.Qxb6 Bd8 30.Qc5 Be7 31.Qc2 O-O 32.Qc7 Rd8 33.h3 h6 34.Ne1 Bf8 35.Qxd7 Rxd7
36.Nd3 Rd8 37.Rc7 Rb8 38.Nc5 Bd5 39.Nd7 Rd8 40.Bd2 Ra8 41.Nb6 Ra1+ 42.Kh2 Be4
43.Rc8 Ra6 44.Rb8 Kh7 45.Nd7 Be7 46.Re8  1-0

[Event "5th Metropolitan Qualifier"]
[Site "Los Angeles USA"]
[Date "2011.06.17"]
[Round "1"]
[White "Viswanadha,Kesav"]
[Black "Sobel,S"]
[Result "1-0"]
[WhiteElo "1919"]
[BlackElo "1897"]

1.e4 e6 2.d4 d5 3.Nc3 Bb4 4.e5 Ne7 5.a3 Bxc3+ 6.bxc3 c5 7.Qg4 O-O 8.Bd3 Nbc6
9.Nf3 f5 10.exf6 Rxf6 11.Bg5 e5 12.Qh4 e4 13.Bxf6 gxf6 14.Qxf6 exd3 15.cxd3 cxd4
16.Nxd4 Nxd4 17.Qxd4 Bf5 18.O-O Nc6 19.Qe3 Qd7 20.Qg5+ Kf7 21.Qh5+ Bg6 22.Qf3+ Kg8
23.d4 Rf8 24.Qg3 Rf7 25.f3 Rg7 26.Qf2 Na5 27.Rfe1 Qc6 28.Qe3 Rc7 29.Qf4 Nb3
30.Rad1 Bc2 31.Qg5+ Kf7 32.Re5 Bxd1 33.Rf5+ Ke8 34.Qg8+ Kd7 35.Qf7+ Kd6 36.Rf6+  1-0

[Event "5th Metropolitan Qualifier"]
[Site "Los Angeles USA"]
[Date "2011.06.18"]
[Round "3"]
[White "Menzi,N"]
[Black "Sobel,S"]
[Result "0-1"]
[WhiteElo "1868"]
[BlackElo "1897"]

1.e4 e6 2.d4 d5 3.Nc3 Bb4 4.e5 Ne7 5.Qg4 O-O 6.Bd2 b6 7.Nf3 Ba6 8.Bxa6 Nxa6
9.h4 Nf5 10.h5 Be7 11.Ne2 Nb4 12.Kd1 c5 13.a3 Nc6 14.c3 cxd4 15.cxd4 Qd7
16.Qf4 f6 17.g4 fxe5 18.Nxe5 Nxe5 19.dxe5 Nh4 20.Qd4 Nf3 21.Qc3 Rac8 22.Qb3 Nxd2
23.Kxd2 Rxf2 24.Rhf1 Bg5+ 25.Ke1 Rxf1+ 26.Kxf1 Qf7+ 27.Kg2 Rf8 28.Qg3 Qc7
29.Qc3 Qxc3 30.Nxc3 a6 31.Rd1 Be3 32.Re1 Bd4 33.Re2 Bxc3 34.bxc3 Rf4 35.Kg3 Rc4
36.Re3 Kf7 37.g5 b5 38.h6 gxh6 39.gxh6 Kg6 40.Kf2 Kxh6 41.Ke2 Kg7 42.Kd3 Kg6
43.Kc2 h5 44.Kb3 h4 45.Rf3 Kg5 46.Rf8 h3 47.Rh8 Rh4 48.Rg8+ Kf4 49.Rg1 h2
50.Rh1 Kg3 51.Kc2 Kg2 52.Rxh2+ Kxh2  0-1

[Event "Baltija Cup Open A"]
[Site "Palanga LTU"]
[Date "2011.06.19"]
[Round "1.9"]
[White "Galuscak,Viktoras"]
[Black "Kalvaitis,S"]
[Result "0-1"]
[WhiteElo "1827"]
[BlackElo "2310"]

1.e4 e6 2.d4 d5 3.Nc3 Bb4 4.e5 Ne7 5.f4 c5 6.Bd2 cxd4 7.Nb5 Bxd2+ 8.Qxd2 O-O
9.Nf3 Nbc6 10.Nbxd4 f6 11.Bd3 Nxd4 12.Nxd4 Nc6 13.Nf3 Bd7 14.c3 fxe5 15.fxe5 Rxf3
16.gxf3 Qh4+ 17.Qf2 Nxe5 18.Qxh4 Nxf3+ 19.Kf2 Nxh4 20.Kg3 g5 21.Rhe1 Rf8
22.Re3 e5 23.Rg1 e4 24.Bc2 Rf4  0-1

[Event "49th National Challengers ch-IND"]
[Site "Aurangabad IND"]
[Date "2011.06.23"]
[Round "10"]
[White "Sharma,Di"]
[Black "Ram,S"]
[Result "1/2-1/2"]
[WhiteElo "2348"]
[BlackElo "2293"]

1.e4 e6 2.d4 d5 3.Nc3 Bb4 4.e5 b6 5.a3 Bf8 6.Bb5+ c6 7.Ba4 Bd7 8.Nce2 c5
9.c3 Bxa4 10.Qxa4+ Qd7 11.Qxd7+ Kxd7 12.Nf3 c4 13.Ng5 Nh6 14.Nf3 Ng8 15.Ng5 Ke8
16.f4 Nc6 17.O-O h6 18.Nf3 Nge7 19.g4 f5 20.exf6 gxf6 21.Ng3 Rg8 22.h3 f5
23.Nh5 fxg4 24.Nf6+ Kf7 25.Nxg8 gxf3 26.Nxe7 Nxe7 27.f5 Nxf5 28.Rxf3 h5 29.Bf4 Be7
30.Kh2 b5 31.Be5 a5 32.a4 b4 33.Rg1 Bf6 34.Bxf6 Kxf6 35.h4 bxc3 36.bxc3 Rb8
37.Rg5 Rb2+ 38.Kh3 Ra2 39.Rxh5 Rxa4 40.Rh6+ Kf7 41.Rh7+ Kg6 42.Ra7 Ra1 43.Ra6 Re1
44.Rxa5 Rh1+ 45.Kg2 Nxh4+ 46.Kxh1 Nxf3 47.Kg2 Nd2 48.Ra2 Ne4 49.Rc2 Kf5 50.Kf3 Ng5+
51.Ke3 Ne4 52.Rc1 Kg5 53.Ke2 Kf6 54.Kf3 Kf5 55.Rc2 Ng5+ 56.Ke3 Ne4 57.Rc1 Kg5
58.Ke2 Kf6 59.Kd1 Ke7 60.Kc2 Kd6 61.Rf1 Ng5 62.Rg1 Ne4 63.Rg7 Nf6 64.Rf7 Ne4
65.Rf3 Ng5 66.Re3 Ne4 67.Kd1 Nf6 68.Ke2 Ne4 69.Kf3 Nf6 70.Kf4 Ne4 71.Rh3 Nf6
72.Rh1 Ne4 73.Rc1 Ke7 74.Rc2 Kf6 75.Kg4 Kg6 76.Rc1 Nf2+ 77.Kf3 Ne4 78.Kf4 Kf6
79.Rc2 Ke7 80.Rc1 Kf6 81.Rh1 Nd6 82.Rh8 Nf7 83.Rf8 Ke7 84.Ra8 Kf6 85.Ra6 Ng5
86.Ra1 Ne4 87.Rc1 Ke7 88.Rc2 Kf6 89.Kg4 Ke7 90.Kf3 Kf6 91.Kf4 Ke7 92.Rh2 Nd6
93.Rh7+ Kf6 94.Rh6+ Ke7 95.Rh3 Kf6 96.Rf3  1/2-1/2

[Event "HSG Open"]
[Site "Hilversum NED"]
[Date "2011.06.24"]
[Round "1"]
[White "Pauw,M"]
[Black "Dgebuadze,A"]
[Result "0-1"]
[WhiteElo "2068"]
[BlackElo "2521"]

1.e4 e6 2.d4 d5 3.Nc3 Bb4 4.e5 Ne7 5.Qg4 c5 6.a3 Bxc3+ 7.bxc3 O-O 8.Bd3 Nbc6
9.Nf3 f5 10.exf6 Rxf6 11.Bg5 e5 12.Qh4 e4 13.Bxf6 gxf6 14.Bxe4 dxe4 15.Qxe4 Bf5
16.Qf4 Qd7 17.O-O Nd5 18.Qd2 c4 19.Rfe1 Kh8 20.Kh1 Rg8 21.Rab1 b6 22.Nh4 Be6
23.Re2 Bf7 24.Rbe1 Qg4 25.Re4 Qg5 26.Qxg5 Rxg5 27.Nf3 Rg8 28.Nd2 Nxc3 29.Rh4 b5
30.Re3 Nd5 31.Rf3 Bg6 32.c3 Re8  0-1

[Event "4th Sveins Memorial"]
[Site "Oslo NOR"]
[Date "2011.06.24"]
[Round "9"]
[White "Kjolberg,J"]
[Black "Berg,E"]
[Result "0-1"]
[WhiteElo "1931"]
[BlackElo "2608"]

1.e4 e6 2.d4 d5 3.Nc3 Bb4 4.e5 Qd7 5.a3 Bxc3+ 6.bxc3 b6 7.h4 Ba6 8.Bxa6 Nxa6
9.h5 Nb8 10.Qg4 f5 11.Qf3 Nc6 12.Ne2 O-O-O 13.Bg5 Re8 14.g3 Na5 15.Kf1 Nc4
16.Kg2 Kb8 17.Qd3 Nh6 18.Bxh6 gxh6 19.Nf4 Rhg8 20.a4 a5 21.Rh4 Ka7 22.Kf3 Rg5
23.Ke2 Reg8 24.Qf3 Qc6 25.Nd3 Rb8 26.Ra2 Qe8 27.Rh1 Rg4 28.Nf4 Qc6 29.Qd3 Rbg8
30.Qd1 Nxe5 31.Ra3 Nc4 32.Ra1 Nb2 33.Qd2 Nxa4 34.Ra3 Nb2  0-1

[Event "7th A Ermaka Memorial"]
[Site "Zaporizhzhia UKR"]
[Date "2011.06.25"]
[Round "1.5"]
[White "Garnazhenko,D"]
[Black "Poluektov,Y2"]
[Result "1-0"]
[WhiteElo "2100"]
[BlackElo "2372"]

1.e4 e6 2.d4 d5 3.Nc3 Bb4 4.e5 b6 5.Qg4 Bf8 6.Bg5 Qd7 7.h4 h6 8.Be3 Ne7 9.h5 Ba6
10.Bxa6 Nxa6 11.Nge2 O-O-O 12.O-O-O Kb7 13.a3 Nc6 14.f4 Na5 15.Kb1 Nc4 16.Bc1 Rg8
17.Rhf1 g6 18.Qh3 b5 19.hxg6 fxg6 20.g4 b4 21.axb4 Nxb4 22.b3 Nb6 23.f5 gxf5
24.gxf5 Qh7 25.Nf4 exf5 26.Nh5 Be7 27.Qxf5 Qxf5 28.Rxf5 Rg2 29.Ba3 a5 30.Rf7 Nc8
31.Bxb4 axb4 32.Na4 Rdg8 33.Nf6 Rd8 34.Nb2 Rf2 35.Nd3 Rf5 36.Rg1 Bxf6 37.Rxf6 Rxf6
38.exf6 Nd6 39.Nxb4 Ne4 40.Rg6 h5 41.Rh6 c6 42.f7 Rf8 43.Nxc6 Kc7 44.Ne5 Nc3+
45.Kb2 Ne2 46.c3 Kd8 47.Rxh5 Nf4 48.Rf5  1-0

[Event "7th A Ermaka Memorial"]
[Site "Zaporizhzhia UKR"]
[Date "2011.06.25"]
[Round "1.29"]
[White "Ziatdinov,R"]
[Black "Ljukin,S"]
[Result "1-0"]
[WhiteElo "2425"]
[BlackElo "2360"]

1.e4 e6 2.d4 d5 3.Nc3 Bb4 4.e5 Ne7 5.Nf3 c5 6.a3 Bxc3+ 7.bxc3 Bd7 8.Bd3 c4
9.Bf1 Ba4 10.Ng5 h6 11.Nh3 Ng6 12.Be2 Qa5 13.Bd2 Nc6 14.Bh5 Nge7 15.O-O g6
16.Be2 O-O-O 17.Qc1 Nf5 18.g4 Nfe7 19.Kh1 Rdf8 20.Rg1 f6 21.exf6 Rxf6 22.Rg3 g5
23.f4 gxf4 24.Bxf4 Rg6 25.Qd2 Qb6 26.Qc1 Qa5 27.Rb1 Rg7 28.Qd2 Ng8 29.Nf2 Rf7
30.Qe3 Re7 31.Rb2 Nf6 32.g5 Nd7 33.gxh6 e5 34.dxe5 Ndxe5 35.h7 Rhxh7 36.Rg8+ Kc7
37.Ng4 d4 38.Qe4 dxc3 39.Nxe5 cxb2 40.Nxc6+ Kb6 41.Be3+ Qc5 42.Bxc5+ Kxc5
43.Qxc4+  1-0

[Event "Championnat de Corse"]
[Site "Bastia FRA"]
[Date "2011.06.29"]
[Round "5.2"]
[White "Battesti,S"]
[Black "Vilaisarn,A"]
[Result "0-1"]
[WhiteElo "1975"]
[BlackElo "2257"]

1.e4 e6 2.d4 d5 3.Nc3 Bb4 4.e5 b6 5.a3 Bf8 6.f4 Qd7 7.Nf3 Nh6 8.Be3 Ba6 9.Bxa6 Nxa6
10.Qd3 Nb8 11.b4 Nc6 12.O-O Be7 13.Nd2 Nf5 14.Nb3 a5 15.b5 Na7 16.a4 h5 17.Ne2 c6
18.bxc6 Qxc6 19.Bc1 Rc8 20.c3 Qc4 21.Qxc4 Rxc4 22.Nd2 Rc6 23.Rf3 Kd7 24.Ba3 Bd8
25.Rb1 g6 26.g3 Be7 27.Bxe7 Kxe7 28.h3 Nh6 29.Rff1 Rb8 30.Rb3 Kd7 31.Rfb1 Kc7
32.Kf2 Kb7 33.c4 dxc4 34.Nxc4 Ka6 35.Na3 Nf5 36.g4 hxg4 37.hxg4 Ne7 38.Nc3 Nd5
39.Nxd5 exd5 40.f5 gxf5 41.gxf5 Rh6 42.Nb5 Nxb5 43.Rxb5 Rbh8 44.e6 Rh2+ 45.Kg3 R2h3+
46.Kf4 f6 47.Rxb6+ Ka7 48.Rb7+ Ka8 49.Rg7 Rd3 50.Re1 Rhh3 51.Re4 Rdf3+ 52.Kg4 Rfg3+
53.Kf4 Rxg7 54.Re5 Rgh7  0-1

[Event "Karvina Open"]
[Site "Karvina CZE"]
[Date "2011.07.05"]
[Round "4.24"]
[White "Kostka,Vit"]
[Black "Borovicka,B"]
[Result "0-1"]
[WhiteElo "1708"]
[BlackElo "2031"]

1.e4 e6 2.d4 d5 3.Nc3 Bb4 4.e5 b6 5.a3 Bf8 6.f4 Nh6 7.Nf3 Be7 8.Bd3 c5 9.O-O Ba6
10.Bxa6 Nxa6 11.Kh1 Nf5 12.Ne2 h5 13.c3 Nc7 14.Qe1 c4 15.Ng3 g6 16.Bd2 Qd7
17.Ne2 b5 18.Nc1 a5 19.Na2 Kf8 20.g3 Kg7 21.Nc1 Na6 22.Na2 Nb8 23.Qe2 Nc6
24.Rfd1 b4 25.axb4 axb4 26.Nxb4 Bxb4 27.cxb4 Ncxd4 28.Nxd4 Nxd4 29.Qf2 Nb3
30.Rab1 Qb7 31.Kg1 Nxd2 32.Qxd2 Rhb8 33.f5 Qxb4 34.Qg5 Qb6+ 35.Kf1 exf5 36.Rxd5 Qc6
37.Qf6+ Qxf6 38.exf6+ Kxf6 39.Rc5 Rc8 40.Rb5 Rab8 41.Rxb8 Rxb8 42.Rc1 Rxb2
43.Rxc4 Rxh2  0-1

[Event "FSFMB July"]
[Site "Budapest HUN"]
[Date "2011.07.06"]
[Round "5.1"]
[White "Fabian,Las GER"]
[Black "Breen,Anthony"]
[Result "0-1"]
[WhiteElo "1728"]
[BlackElo "1663"]

1.e4 e6 2.d4 d5 3.Nc3 Bb4 4.e5 Ne7 5.Nf3 c5 6.a3 Bxc3+ 7.bxc3 b6 8.Be2 Ba6
9.O-O Bxe2 10.Qxe2 Nbc6 11.Bg5 c4 12.Nd2 h6 13.Qh5 g6 14.Qh4 Kd7 15.Bf6 Rh7
16.Rad1 Qc8 17.Qh3 Qa6 18.Ra1 Rg8 19.f4 Qa5 20.Rfd1 Qa4 21.Rdc1 Nf5 22.Qf3 g5
23.fxg5 hxg5 24.Nf1 g4 25.Qf2 Qa5 26.Ng3 Nxg3 27.Qxg3 Ne7 28.Bxe7 Kxe7 29.a4 Rgh8
30.Rf1 Rxh2 31.Kf2 R8h3 32.Qxg4 Qxc3 33.Rae1 Rh4 34.Qg5+ Kd7 35.Qe3 Qxc2+
36.Re2 Qf5+ 37.Ke1 Rh1 38.Qf3 Qxf3 39.gxf3 Rxf1+ 40.Kxf1 Rxd4 41.Rh2 Kc6
42.Ke2 Rd3  0-1

[Event "9th Niki Open"]
[Site "Nachod CZE"]
[Date "2011.07.08"]
[Round "7.3"]
[White "Sergienko,S"]
[Black "Malivanek,J"]
[Result "1/2-1/2"]
[WhiteElo "2411"]
[BlackElo "2135"]

1.e4 e6 2.d4 d5 3.Nc3 Bb4 4.e5 Qd7 5.Qg4 Kf8 6.Nh3 b6 7.Nf4 g6 8.Nd3 Be7
9.Bg5 Ba6 10.h4 h5 11.Qf4 c5 12.dxc5 bxc5 13.Na4 c4 14.Ndc5 Qc6 15.b4 Bb5
16.Nc3 Bxc5 17.bxc5 Qxc5 18.Be2 Nd7 19.Rd1 Bc6 20.Rh3 Kg7 21.g4 hxg4 22.Bxg4 Nh6
23.Rf3 Nf5 24.Bxf5 exf5 25.Re3 Rae8 26.Ne2 d4 27.Bf6+ Nxf6 28.exf6+ Kxf6
29.Rxd4 Rxe3 30.fxe3 Re8 31.Rxc4 Qa5+ 32.Kf2 Be4 33.Rc7 Qe5 34.Rxa7  1/2-1/2

[Event "Open ch-SVK A"]
[Site "Banska Stiavnica SVK"]
[Date "2011.07.10"]
[Round "2"]
[White "Butkiewicz,L"]
[Black "Gonda,L"]
[Result "1/2-1/2"]
[WhiteElo "2435"]
[BlackElo "2512"]

1.e4 e6 2.d4 d5 3.Nc3 Bb4 4.e5 Ne7 5.a3 Bxc3+ 6.bxc3 b6 7.f4 Qd7 8.Nf3 Qa4
9.Bd3 Ba6 10.O-O Bxd3 11.cxd3 Qxd1 12.Rxd1 Nbc6 13.a4 h5 14.Ba3 Nf5 15.Kf2 Kd7
16.g3 a6 17.h3 b5 18.axb5 axb5 19.Bc5 Ra4 20.g4 hxg4 21.hxg4 Nh6 22.Kg3 Rb8
23.Rxa4  1/2-1/2